QCM François Ier. - Statistiques

Statistiques générales
  • Ce quiz a été pris 248 fois
  • Le résultat moyen est 10 sur 14
Statistiques - réponses
Question Réponse % Correct
Quel grand château François Ier a-t-il fait construire? Le château de Chambord
100%
Quel grande bataille remporte-t-il cette même année? La bataille de Marignan
97%
Quel scientifique et artiste italien François Ier a-t-il fait venir d'italie? Léonard de Vinci
95%
Quel autre grand souverain de l'époque fut un de ses plus grand rivaux? Charles Quint
92%
En quelle année accède-t-il au trône? 1515
84%
Suite à quelle bataille François Ier fut fait prisonnier par le roi d'Espagne? La bataille de Pavie
82%
Par quelle ordonnance François Ier rend le français langue officielle du royaume? L'ordonnance de Villers-Cotterêts
74%
A quel roi de France succède-t-il? Louis XII
63%
Qui lui succède au trône? Henri II
61%
En quelle année mourut François Ier? 1547
58%
Qui sont les parents de François Ier? Charles d'Orléans et Louise de Savoie
47%
En quelle année? 1539
45%
Pour quel autre souverain François Ier donna la fête du Drap d'Or? Henri VIII d'Angleterre
39%
En quelle année est née François Ier? 1494
37%
Aucun quiz correspondant
Distribution des résultats
% des personnes avec chaque résultat
Percentile par nombre de réponses
Votre historique - résultats
Vous n’avez pas pris ce quiz